000 00508nam a2200181Ia 4500
001 23720
005 20260414150956.0
008 260414t2019||||xx |||||||||||||| ||spa||
041 _aESP
082 _a693.852
_bF317
100 _aFarnaz Arefian, Fatemeh
_eAUT
245 0 _aOrganising post-disaster reconstruction processes :
_bhousing reconstruction after the Bam earthquake
260 _c2019
300 _axxii, 279 páginas :
_c23 cm.
650 _a0
654 _aCIC
942 _cLIB
_dJUS
_fJUS
_2ddc
_n
999 _c23720
_d23720